Formel 1: Fahrer für Ferrari - Extrem Sudden Death - Statistiken

Allgemein
  • Dieses Quiz wurde 614 mal gespielt
    142 seit der letzten Aktualisierung
  • Das Durchschnittsergebnis liegt bei 9 aus 66
Answers on the Grid
Answers color-coded by a green-red scale on the quiz's grid according to % correct below.
Lewis Hamilton
Jochen Rindt
Denny Hulme
Patrick Tambay
Didier Pironi
Stefan Johansson
Keke Rosberg
Nicola Larini
Nanni Galli
Derek Bell
Giancarlo Fisichella
Peter Collins
Alain Prost
Rene Arnoux
Mika Hakkinen
Pedro Rodriguez
Carlos Reuteman
Carlos Pace
Jackie Stewart
Jim Beam
Jack Brabham
Dan Gurney
Michael Schumacher
Sebastian Vettel
Niki Lauda
Gilles Villeneuve
Nino Vaccarella
Luigi Villoresi
Ludovico Scarfiotti
Mike Parkes
Charles Leclerc
Ignazio Giunti
Felipe Massa
Cliff Allison
Luigi Musso
Ivan Capelli
Tony Brooks
Jos Verstappen
Jonny Herbert
Jackie Oliver
Andrea de Cesaris
Michel Leclere
Stefano Modena
Eddie Cheever
Gabriele Tarquini
Teo Fabi
Emanuele Pirro
Harry Potter
Mike Hailwood
Peter Revson
John Surtees
Gianni Morbidelli
Damon Hill
Jody Scheckter
Kimi Räikkönen
Lorenzo Bandini
Chris Amon
Michael Andretti
Eugenio Castellotti
Enzo Ferrari
Luca Montezemolo
Oliver Bearman
Rubens Barrichello
José Froilán González
Brian Redman
Jonathan Williams
John Watson
Michele Alboreto
Carlos Sainz
Nick Heidfeld
Jochen Mass
Jean-Pierre Jarier
Bruno Giacomelli
Lando Norris
Emilio de Villota
Joakim Bonnier
Andrea de Adamich
Alessandro Nannini
Martin Brundle
Michele Vaillant
Kazuki Nakajima
Tetsu Ikuzawa
Mark Webber
Jaques Laffite
Jarno Trulli
Roman Grosjean
Alberto Ascari
Giuseppe Farina
Luca Badoer
Willi Mairesse
Ricardo Rodriguez
Roberto Rodriguez
Richie Ginther
Howden Ganley
Piero Taruffi
Mike Hawthorne
Giancarlo Baghetti
Elio De Angelis
Giacomo Russo
Jim Clark
Arturo Merzario
Emerson Fittipaldi
Mika Salo
Jean Alesi
Juan Manuel Fangio
Jochen Rindt
Nelson Piquet
Wolfgang Graf Berghe v. Trips
Stefan Bellof
Jacky Ickx
Jacques Villeneuve
Ralf Schumacher
Alessandro Zanardi
Mario Andretti
Nigel Mansell
Ayrton Senna
Ronnie Peterson
David Coulthard
Eddie Irvine
Graham Hill
Maurice Trintignant
Clay Regazzoni
Jenson Button
Fernando Alonso
Phil Hill
Ricardo Patrese
Gerhard Berger
Mick Schumacher
 
Antwortstatistiken
Antwort % Korrekt
Charles Leclerc
52%
Fernando Alonso
46%
Lewis Hamilton
46%
Kimi Räikkönen
45%
Sebastian Vettel
43%
Michael Schumacher
41%
Carlos Sainz
36%
Niki Lauda
34%
Rubens Barrichello
34%
Felipe Massa
30%
Jean Alesi
27%
Alain Prost
23%
Alberto Ascari
23%
Clay Regazzoni
23%
Gerhard Berger
23%
Oliver Bearman
23%
Eddie Irvine
21%
Gilles Villeneuve
18%
Juan Manuel Fangio
18%
Nigel Mansell
18%
Giancarlo Fisichella
16%
Giuseppe Farina
16%
Luca Badoer
16%
Carlos Reuteman
13%
Jacky Ickx
13%
Jody Scheckter
13%
Michele Alboreto
13%
Didier Pironi
11%
Phil Hill
11%
Rene Arnoux
11%
Wolfgang Graf Berghe v. Trips
11%
John Surtees
7%
Mike Hawthorne
7%
Nicola Larini
7%
Tony Brooks
7%
Arturo Merzario
5%
Ivan Capelli
5%
Mario Andretti
5%
Mika Salo
5%
Patrick Tambay
5%
Pedro Rodriguez
5%
Gianni Morbidelli
4%
José Froilán González
4%
Lorenzo Bandini
4%
Ludovico Scarfiotti
4%
Luigi Musso
4%
Luigi Villoresi
4%
Peter Collins
4%
Ricardo Rodriguez
4%
Willi Mairesse
4%
Andrea de Adamich
2%
Chris Amon
2%
Eugenio Castellotti
2%
Giancarlo Baghetti
2%
Ignazio Giunti
2%
Jonathan Williams
2%
Mike Parkes
2%
Nino Vaccarella
2%
Stefan Johansson
2%
Cliff Allison
0%
Dan Gurney
0%
Derek Bell
0%
Maurice Trintignant
0%
Nanni Galli
0%
Piero Taruffi
0%
Richie Ginther
0%
Keine übereinstimmenden Quizze gefunden
Verteilung der Resultate
Anzahl Personen mit jedem Resultat
Perzentil nach korrekt beantworteten Fragen
Ihre Resultats-Entwicklung
Sie haben dieses Quiz seit der letzten Aktualisierung nicht gespielt